Chance : Villageois Minecraft - Mort subite - Statistiques

Statistiques générales
  • Ce quiz a été pris 337 fois
  • Le résultat moyen est 6 sur 22
Answers on the Grid
Answers color-coded by a green-red scale on the quiz's grid according to % correct below.
181px-Jungle_Zombie_Villager_Base.png?ce898
172px-Plains_Villager_Base_JE2.png?a2fcc
181px-Jungle_Zombie_Villager_Base.png?ce898
172px-Plains_Villager_Base_JE2.png?a2fcc
181px-Jungle_Zombie_Villager_Base.png?ce898
172px-Plains_Villager_Base_JE2.png?a2fcc
Plains_Farmer.png?b8e42
172px-Plains_Villager_Base_JE2.png?a2fcc
Plains_Farmer.png?b8e42
172px-Plains_Villager_Base_JE2.png?a2fcc
Plains_Farmer.png?b8e42
172px-Plains_Villager_Base_JE2.png?a2fcc
Plains_Farmer.png?b8e42
172px-Plains_Villager_Base_JE2.png?a2fcc
Plains_Farmer.png?b8e42
172px-Plains_Villager_Base_JE2.png?a2fcc
Plains_Farmer.png?b8e42
172px-Plains_Villager_Base_JE2.png?a2fcc
Plains_Farmer.png?b8e42
172px-Plains_Villager_Base_JE2.png?a2fcc
Plains_Farmer.png?b8e42
172px-Plains_Villager_Base_JE2.png?a2fcc
Plains_Farmer.png?b8e42
172px-Plains_Villager_Base_JE2.png?a2fcc
Plains_Farmer.png?b8e42
172px-Plains_Villager_Base_JE2.png?a2fcc
Plains_Farmer.png?b8e42
172px-Plains_Villager_Base_JE2.png?a2fcc
Plains_Farmer.png?b8e42
172px-Plains_Villager_Base_JE2.png?a2fcc
Plains_Farmer.png?b8e42
172px-Plains_Villager_Base_JE2.png?a2fcc
Plains_Farmer.png?b8e42
172px-Plains_Villager_Base_JE2.png?a2fcc
Plains_Farmer.png?b8e42
172px-Plains_Villager_Base_JE2.png?a2fcc
Plains_Farmer.png?b8e42
172px-Plains_Villager_Base_JE2.png?a2fcc
Plains_Farmer.png?b8e42
172px-Plains_Villager_Base_JE2.png?a2fcc
Plains_Farmer.png?b8e42
172px-Plains_Villager_Base_JE2.png?a2fcc
Plains_Farmer.png?b8e42
172px-Plains_Villager_Base_JE2.png?a2fcc
Plains_Farmer.png?b8e42
172px-Plains_Villager_Base_JE2.png?a2fcc
Plains_Farmer.png?b8e42
172px-Plains_Villager_Base_JE2.png?a2fcc
Plains_Farmer.png?b8e42
172px-Plains_Villager_Base_JE2.png?a2fcc
 
Statistiques - réponses
Réponse % Correct
Plains_Farmer.png?b8e42
172px-Plains_Villager_Base_JE2.png?a2fcc
39%
Plains_Farmer.png?b8e42
172px-Plains_Villager_Base_JE2.png?a2fcc
33%
Plains_Farmer.png?b8e42
172px-Plains_Villager_Base_JE2.png?a2fcc
31%
Plains_Farmer.png?b8e42
172px-Plains_Villager_Base_JE2.png?a2fcc
31%
Plains_Farmer.png?b8e42
172px-Plains_Villager_Base_JE2.png?a2fcc
31%
Plains_Farmer.png?b8e42
172px-Plains_Villager_Base_JE2.png?a2fcc
30%
Plains_Farmer.png?b8e42
172px-Plains_Villager_Base_JE2.png?a2fcc
29%
Plains_Farmer.png?b8e42
172px-Plains_Villager_Base_JE2.png?a2fcc
29%
Plains_Farmer.png?b8e42
172px-Plains_Villager_Base_JE2.png?a2fcc
29%
Plains_Farmer.png?b8e42
172px-Plains_Villager_Base_JE2.png?a2fcc
29%
Plains_Farmer.png?b8e42
172px-Plains_Villager_Base_JE2.png?a2fcc
29%
Plains_Farmer.png?b8e42
172px-Plains_Villager_Base_JE2.png?a2fcc
29%
Plains_Farmer.png?b8e42
172px-Plains_Villager_Base_JE2.png?a2fcc
28%
Plains_Farmer.png?b8e42
172px-Plains_Villager_Base_JE2.png?a2fcc
27%
Plains_Farmer.png?b8e42
172px-Plains_Villager_Base_JE2.png?a2fcc
27%
Plains_Farmer.png?b8e42
172px-Plains_Villager_Base_JE2.png?a2fcc
27%
Plains_Farmer.png?b8e42
172px-Plains_Villager_Base_JE2.png?a2fcc
27%
Plains_Farmer.png?b8e42
172px-Plains_Villager_Base_JE2.png?a2fcc
25%
Plains_Farmer.png?b8e42
172px-Plains_Villager_Base_JE2.png?a2fcc
25%
Plains_Farmer.png?b8e42
172px-Plains_Villager_Base_JE2.png?a2fcc
25%
Plains_Farmer.png?b8e42
172px-Plains_Villager_Base_JE2.png?a2fcc
24%
Plains_Farmer.png?b8e42
172px-Plains_Villager_Base_JE2.png?a2fcc
22%
Aucun quiz correspondant
Distribution des résultats
% des personnes avec chaque résultat
Percentile par nombre de réponses
Votre historique - résultats
Vous n’avez pas pris ce quiz